000 00295nam a2200121Ia 4500
008 190216s9999||||xx |||||||||||||| ||und||
100 _a"Shanti Narayanan,Mittal P K"
245 2 _aA Textbook Of Matrices
260 _bS Chand & Co
_c2009
300 _a309
650 _aMathematics
942 _cBK
999 _c32326
_d32326